Les cours de Paul Arnaud - Exercices résolus de chimie organique (notice n° 2189921)

détails MARC
000 -LEADER
fixed length control field 01012cam a2200169 4500500
005 - DATE AND TIME OF LATEST TRANSACTION
control field 20260405064652.0
041 ## - LANGUAGE CODE
Language code of text/sound track or separate title fre
042 ## - AUTHENTICATION CODE
Authentication code dc
100 10 - MAIN ENTRY--PERSONAL NAME
Personal name Bodiguel, Jacques
Relator term author
245 00 - TITLE STATEMENT
Title Les cours de Paul Arnaud - Exercices résolus de chimie organique
260 ## - PUBLICATION, DISTRIBUTION, ETC.
Name of publisher, distributor, etc. Dunod,<br/>
Date of publication, distribution, etc. 2016.<br/>
520 ## - SUMMARY, ETC.
Summary, etc. Ce recueil d'exercices résolus couvre les bases de la chimie organique : structure des molécules, isomérie, stéréochimie, mécanismes réactionnels, fonctions simples, principales fonctions multiples et mixtes. Il constitue un complément naturel à la 19e édition du Cours de chimie organique des mêmes auteurs, mais il peut être utilisé indépendamment de celui-ci. Cette nouvelle édition actualisée s'enrichit d'exercices supplémentaires.
700 10 - ADDED ENTRY--PERSONAL NAME
Personal name Arnaud, Paul
Relator term author
700 10 - ADDED ENTRY--PERSONAL NAME
Personal name Brosse, Nicolas
Relator term author
700 10 - ADDED ENTRY--PERSONAL NAME
Personal name Jamart, Brigitte
Relator term author
856 41 - ELECTRONIC LOCATION AND ACCESS
Uniform Resource Identifier <a href="https://stm.cairn.info/exercices-resolus-de-chimie-organique--9782100754168?lang=fr&redirect-ssocas=7080">https://stm.cairn.info/exercices-resolus-de-chimie-organique--9782100754168?lang=fr&redirect-ssocas=7080</a>

Pas d'exemplaire disponible.

PLUDOC

PLUDOC est la plateforme unique et centralisée de gestion des bibliothèques physiques et numériques de Guinée administré par le CEDUST. Elle est la plus grande base de données de ressources documentaires pour les Étudiants, Enseignants chercheurs et Chercheurs de Guinée.

Adresse

627 919 101/664 919 101

25 boulevard du commerce
Kaloum, Conakry, Guinée

Réseaux sociaux

Powered by Netsen Group @ 2025